Pour le meilleur et pour le pire - Version Pays - Statistiques

Statistiques générales
  • Ce quiz a été pris 178 fois
    140 depuis la dernière actualisation
  • Le résultat moyen est 9 sur 30
Statistiques - réponses
Catégorie Le meilleur Le pire % Correct
Russie
95%
Chine
94%
Superficie Russie Vatican
85%
Population Chine Vatican
81%
France
77%
Japon
57%
Russie
49%
Monaco
47%
Monaco
44%
États-Unis/Canada
41%
Densité Monaco Mongolie
39%
Le plus au nord ( continental ) Russie Chili
36%
États-Unis
35%
Température moyenne Burkina Faso Russie
29%
Langue officielle la plus parlée Bolivie Chine
24%
Palaos
11%
Longueur de la frontière entre deux pays Usa/Canada Bostwana/Zambie
7%
Riche ( PIB/Habitants ) Monaco Burundi
7%
Touristes France Tuvalu
7%
Âge médian Monaco Niger
6%
Espérance de vie Japon Sierra Leone
6%
Monaco
5%
Tadjikistan
3%
Chrétiens États-Unis Maldives
2%
Altitude moyenne Tadjikistan Maldives
2%
Suède
2%
Obésité Palaos Timor oriental
2%
Bolivie
1%
Burkina Faso
0%
Longueur de route/ habitants Suède Singapour
0%
Aucun quiz correspondant
Distribution des résultats
% des personnes avec chaque résultat
Percentile par nombre de réponses
Votre historique - résultats
Vous n’avez pas pris ce quiz depuis la dernière actualisation